| 000 | 01093nas a2200313 4500 | ||
|---|---|---|---|
| 001 | BR2015006273 | ||
| 003 | BR-BrBNA | ||
| 005 | 20231205125848.0 | ||
| 007 | ta | ||
| 008 | 230509b bl.|||p| |||| 00| 00por d | ||
| 040 |
_aBR-BrBNA _bpor _cBiblioteca Nacional de Agricultura |
||
| 041 | _a(Pt) | ||
| 072 | _aL51 | ||
| 100 | 1 | _aOliveira, I.M.V. de | |
| 100 | 1 | _aAngelis, R.C. de | |
| 245 | 1 | _aRequisitos protéicos mínimos de diferentes fontes vegetais para ratos de laboratório em fase de crescimento | |
| 246 | 1 | _aProtein minimum requirements from some vegetable sources for laboratory growing rats | |
| 650 | _aRATO | ||
| 650 | _aANIMAL DE LABORATORIO | ||
| 650 | _aCOBAIA | ||
| 650 | _aNUTRICAO ANIMAL | ||
| 650 | _aPROTEINA VEGETAL | ||
| 650 | _aDIETA | ||
| 650 | _aCRESCIMENTO | ||
| 773 | 0 |
_tBrazilian Journal of Veterinary Research and Animal Science (Brazil) _xISSN 1413-9596ISSN 1678-4456 _g(2001), v. 38(1) p. 23-28 _wBR2015006273 |
|
| 856 | 4 | 0 | _uhttp://www.scielo.br/pdf/bjvras/v38n1/9670.pdf |
| 909 |
_a202311 _bLúcia _c55 _dLúcia Elande |
||
| 942 |
_2AGRIS _n0 _cANA |
||
| 999 |
_c246573 _d246573 |
||